Bellewaerde Park Alle Attracties - Statistieken

Algemene statistieken
  • Deze quiz is 37 keer genomen
  • De gemiddelde score is 21 van 34
Antwoordstatistieken
Hint Antwoord % Correct
Mexico Boomerang
100%
Mundo Amazonia Amazonia
85%
Mexico Huracan
85%
KidsPark Het Huis Van Houdini
77%
Canada Niagara
77%
Canada Screaming Eagle
77%
Canada Wakala
77%
India Bengal Express
69%
KidsPark Carrousel
69%
Canada Dawson Duel
69%
Mexico El Toro
69%
Mexico El Volador
69%
Canada Peter Pan
69%
Canada Piratenboot
69%
Canada Psssht Station
69%
Mexico 4D Cinema
62%
Canada Big Chute
62%
Mundo Amazonia Brazilian Buggies
62%
India Hampi
62%
Jungle Jungle Mission
62%
Mundo Amazonia Rio Do Cacao
62%
Mundo Amazonia Rio Do Café
62%
India Bengal Rapid River
54%
KidsPark Flying Carrousel
54%
KidsPark Kikker
54%
KidsPark Koffietassen
54%
KidsPark Vlinders
54%
KidsPark Expresstrein
46%
KidsPark Dansende Ballonnen
38%
KidsPark Gekke Koets
38%
India Hampi Playground
38%
KidsPark Tuff-Tuff
38%
KidsPark Minirad
31%
KidsPark Palendorp
31%
Geen overeenkomende quizzen gevonden
Scoreverdeling
Procent van Mensen met Elke Score
Percentiel versus Aantal Correcte Antwoorden
Uw Scoregeschiedenis
U heeft deze quiz nog niet genomen